Country Per Second - Asia - Statistics

General Stats
  • This quiz has been taken 24 times
  • The average score is 29 of 48
Answers on the Map
Answers color-coded by a green-red scale on the quiz's map according to % correct below.
 
Answer Stats
Country % Correct
China
100%
India
90%
Oman
90%
Japan
85%
Yemen
85%
Mongolia
80%
Vietnam
80%
Indonesia
75%
Saudi Arabia
75%
Sri Lanka
75%
Iran
70%
Iraq
70%
Laos
70%
Myanmar
70%
Qatar
70%
Taiwan
70%
Thailand
70%
United Arab Emirates
70%
Bhutan
65%
Israel
65%
Maldives
65%
Nepal
65%
Turkey
65%
Armenia
60%
Bangladesh
60%
Cambodia
60%
Kuwait
60%
Lebanon
60%
Pakistan
60%
Bahrain
55%
Malaysia
55%
North Korea
55%
South Korea
55%
Syria
55%
Afghanistan
50%
Brunei
50%
Georgia
50%
Jordan
50%
Singapore
50%
Philippines
45%
Kazakhstan
40%
Azerbaijan
35%
Cyprus
35%
Uzbekistan
35%
Kyrgyzstan
30%
East Timor
25%
Tajikistan
25%
Turkmenistan
25%
No matching quizzes found
Score Distribution
Percent of People with Each Score
Percentile by Number Answered
Your Score History
You have not taken this quiz